000 01016nam a2200253 a 4500
001 000025602
003 DO-SdBNP
005 20240530073934.0
007 ta
008 110218s1983 dr 001 0 spa d
040 _aDO-SdBNP
_bspa
_cBNPHU
082 _a070.44
_bJ82t
_222
100 1 _aJorge Blanco, Salvador,
_d1926-2010
_930551
245 1 0 _aTemas para la prensa /
_cSalvador Jorge Blanco.
260 _aSanto Domingo :
_bCorripio,
_c1983.
300 _a404 p. ;
_c23 cm.
505 0 _gLiminar /
_rEmilio Rodríguez Demorizi --
_tTemas internacionales --
_tTemas políticos y constitucionales --
_tTemas sociales y legales --
_tTemas universitarios --
_tDerechos humanos --
_tTemas históricos y culturales --
_tOfrendas póstumas.
590 _aInventariado, 2023 / DG
650 0 _aEnsayos dominicanos
_zRepública Dominicana
_965
650 4 _aDesarrollo social
_944
_zRepública Dominicana
650 4 _aPeriodismo
_zRepública Dominicana
_936
910 _aValidado. Control de calidad EMS
942 _2ddc
_cLBS1
999 _c25094
_d25094